| 000 | 00423nam a2200181Ia 4500 | ||
|---|---|---|---|
| 001 | 2927 | ||
| 005 | 20260306144843.0 | ||
| 008 | 260306t2010||||xx |||||||||||||| ||spa|| | ||
| 041 | _aESP | ||
| 082 |
_a234 _bE355 |
||
| 100 |
_aEmmerich, Ana Catalina _eAUT |
||
| 245 | 0 | _aLa amarga pasión de Cristo | |
| 260 | _c2010 | ||
| 300 |
_a136 páginas : _c24 cm. |
||
| 650 | _aGEN | ||
| 654 | _aCHU | ||
| 942 |
_cLIB _dJUS _fJUS _2ddc _n |
||
| 999 |
_c2927 _d2927 |
||